Mort subite Les états américains avec accès à la mer - Statistiques

Statistiques générales
  • Ce quiz a été pris 110 fois
    86 depuis la dernière actualisation
  • Le résultat moyen est 9 sur 23
Answers on the Grid
Answers color-coded by a green-red scale on the quiz's grid according to % correct below.
Delaware
Kansas
Idaho
Rhode Island
Nebraska
Arizona
Oregon
Wyoming
Hawaï
Ohio
Kentucky
Alaska
Maine
Arkansas
Mississippi
Illinois
Michigan
Californie
New York
Washington
Texas
Colorado
Caroline-du-Nord
Minnesota
Connecticut
Louisiane
Dakota-du-Nord
Nevada
Alabama
New Hampshire
Oklahoma
Indiana
Floride
Tennessee
Géorgie
Caroline-du-Sud
Iowa
Nouveau-Mexique
Maryland
Missouri
Utah
Massachusetts
Dakota-du-Sud
New Jersey
Montana
Virginie
Pennsylvanie
Wisconsin
Vermont
Virginie-occidentale
 
Statistiques - réponses
Réponse % Correct
Californie
60%
Alaska
58%
Hawaï
58%
Floride
56%
New York
56%
Rhode Island
53%
Washington
47%
Texas
45%
Louisiane
38%
New Jersey
38%
Maine
36%
Maryland
36%
Oregon
36%
Caroline-du-Sud
33%
Massachusetts
33%
Mississippi
33%
Delaware
29%
Caroline-du-Nord
27%
Alabama
25%
Géorgie
25%
Virginie
25%
Connecticut
24%
New Hampshire
22%
Aucun quiz correspondant
Distribution des résultats
% des personnes avec chaque résultat
Percentile par nombre de réponses
Votre historique - résultats
Vous n’avez pas pris ce quiz depuis la dernière actualisation